|
|
|
|
| LEADER |
00911cam a2200253 7i4500 |
| 001 |
0000002156 |
| 005 |
20170316090000.0 |
| 020 |
|
|
|a 9780761947059 (pbk.)
|
| 020 |
|
|
|a 0761947051 (pbk.)
|
| 090 |
0 |
0 |
|a H62
|b .P86 2003
|
| 100 |
1 |
|
|a Punch, Keith F
|
| 245 |
1 |
0 |
|a Survey research :
|b the basics
|c Keith F. Punch.
|
| 260 |
|
|
|a London:
|b Sage Publications,
|c 2003.
|
| 300 |
|
|
|a 123 p.:
|b ill.;
|c 24 cm.
|
| 490 |
0 |
|
|a Essential resources for social research
|
| 504 |
|
|
|a Includes bibliographical references and index
|
| 650 |
0 |
0 |
|a Social sciences --
|x Research
|
| 650 |
0 |
0 |
|a Social surveys --
|x Methodology
|
| 997 |
|
|
|a Business & Accountancy, Faculty
|
| 997 |
|
|
|a Education & Social Sciences, Faculty
|b Social Sciences, Department
|
| 998 |
|
|
|a Business Management, Degree
|
| 998 |
|
|
|a Industrial Psychology, Degree
|
| 998 |
|
|
|a Accountancy, Degree
|
| 999 |
|
|
|a 0000010963
|b BOK
|c OPEN SHELF
|e 1st Floor, Shah Alam
|